Suburb - city - region - country - Statistics

General Stats
  • This quiz has been taken 20 times
    6 since last reset
  • The average score is 11 of 15
Answer Stats
Suburb Answer % Correct
Dongguan Country: China
100%
Dongguan Region: Guangdong
100%
Dongguan Main city: Guangzhou
100%
Romford Main city: London
100%
Romford Country: UK
100%
Blagnac Country: France
83%
Blagnac Main city: Toulouse
83%
Romford Region: Greater London
67%
Blagnac Region: Haute-Garonne
67%
Trombay Country: India
67%
King of Prussia Country: USA
67%
Trombay Region: Maharashtra
50%
Trombay Main city: Mumbai
50%
King of Prussia Region: Pennsylvania
33%
King of Prussia Main city: Philadelphia
33%
No matching quizzes found
Score Distribution
Percent of People with Each Score
Percentile by Number Answered
Your Score History
You have not taken this quiz since the last reset